Tuluvale N A Shinappa Heggadr, Polali (Record no. 99626)

MARC details
000 -LEADER
fixed length control field 00775nam a2200217Ia 4500
003 - CONTROL NUMBER IDENTIFIER
control field OSt
005 - DATE AND TIME OF LATEST TRANSACTION
control field 20260527104419.0
008 - FIXED-LENGTH DATA ELEMENTS--GENERAL INFORMATION
fixed length control field 210210b1995 xxu||||| |||| 00| 0 eng d
040 ## - CATALOGING SOURCE
Transcribing agency AL
041 ## - LANGUAGE CODE
Language code of text/sound track or separate title TULU
082 ## - DEWEY DECIMAL CLASSIFICATION NUMBER
Classification number T894.9 TULT
100 ## - MAIN ENTRY--PERSONAL NAME
Personal name TULUVER.
Dates associated with a name ತುಳುವೆರ್
9 (RLIN) 264678
245 ## - TITLE STATEMENT
Title Tuluvale N A Shinappa Heggadr, Polali
Remainder of title ತುಳುವಾಲೆ ಎನ್ ಎ ಶಿನಪ್ಪ ಹೆಗ್ಗಡ್ರ್ , ಪೊಳಲಿ
260 ## - PUBLICATION, DISTRIBUTION, ETC.
Place of publication, distribution, etc. Mangaluru
Name of publisher, distributor, etc. Karnataka Tulu Sahitya Academy
Date of publication, distribution, etc. 1995
300 ## - PHYSICAL DESCRIPTION
Extent 38
440 ## - SERIES STATEMENT/ADDED ENTRY--TITLE
Title Madappiyeravandi tuluver- 5
9 (RLIN) 264681
690 ## - LOCAL SUBJECT ADDED ENTRY--TOPICAL TERM (OCLC, RLIN)
Topical term or geographic name as entry element Biography
9 (RLIN) 264679
700 ## - ADDED ENTRY--PERSONAL NAME
Personal name A Balakrashna Shetti Polali.
Dates associated with a name ಎ ಬಾಲಕೃಷ್ಣ ಶೆಟ್ಟಿ ಪೊಳಲಿ.
9 (RLIN) 264680
906 ## - LOCAL DATA ELEMENT F, LDF (RLIN)
a 050974
942 ## - ADDED ENTRY ELEMENTS (KOHA)
Source of classification or shelving scheme Dewey Decimal Classification
Koha item type Book
Holdings
Withdrawn status Lost status Damaged status Not for loan Collection code Home library Current library Shelving location Date acquired Cost, normal purchase price Total Checkouts Full call number Barcode Date last seen Price effective from Koha item type
        Tulu St Aloysius Library St Aloysius Library   02/17/2021 10.00   T894.9 TULT 050974 02/17/2021 02/17/2021 Book